banner-ar

الملتقى العلمى لتقييم خامات البنتونيت بمنطقة عيون موسى بمحافظة جنوب سيناء / (Record no. 40739)

MARC details
000 -الفاتح
حقل البيانات ثابتة الطول 00739nam a2200205Ia 4500
008 - عناصر البيانات ثابتة الطول - معلومات عامة
حقل البيانات ثابتة الطول 140319s9999 xx 000 0 ara d
040 ## - مصدر الفهرسة
وكالة الفهرسة الأصلية GCL /
وكالة النسخ GCL
082 04 - رقم تصنيف ديوى العشرى
رقم التصنيف 552.2
رقم المادة ا م
100 1# - المدخل الرئيسى - إسم شخصى
الإسم الشخصى اكاديمية البحث العلمى والتكنولوجيا
245 10 - بيان العنوان
العنوان الملتقى العلمى لتقييم خامات البنتونيت بمنطقة عيون موسى بمحافظة جنوب سيناء /
بيان المسئوليه,etc اكاديمية البحث العلمى والتكنولوجيا
300 ## - الوصف المادى
التعداد 39 ص
490 ## - بيان السلسلة
عنوان السلسلة
650 04 - المدخل الاضافى بالموضوع-مصطلح موضوعى
مصطلح موضوعي سيناء
650 04 - المدخل الاضافى بالموضوع-مصطلح موضوعى
مصطلح موضوعي الصخور البركانية
650 04 - المدخل الاضافى بالموضوع-مصطلح موضوعى
مصطلح موضوعي الصخور الرسوبية
650 04 - المدخل الاضافى بالموضوع-مصطلح موضوعى
مصطلح موضوعي البنتونيت
650 04 - المدخل الاضافى بالموضوع-مصطلح موضوعى
مصطلح موضوعي عيون موسى
942 ## - عناصر المدخل الإضافي( كوها)
مصدر التصنيف او مخطط الترفيف Dewey Decimal Classification
Koha [default] item type كتاب
Holdings
حالة التراجع حالة الفقد حالة تلف ليس للاعارة المكان المؤقت الموقع الحالى تاريخ الاكتساب اجمالي اﻻعارات رقم الطلب الباركود تاريخ اخر مشاهدة تاريخ تفعيل السعر نوع وعاء كوها
        مكتبة القاهرة الكبرى مكتبة القاهرة الكبرى 03/26/2014   552.2\ا م 98428 03/26/2014 03/26/2014 كتاب

Powered By

EGPV